Here We Go Round the Mulberry Bush / (Record no. 48730)
| 000 -LEADER | |
|---|---|
| fixed length control field | 00652nam a2200133 4500 |
| 020 ## - INTERNATIONAL STANDARD BOOK NUMBER | |
| International Standard Book Number | 9781846860799 |
| 100 ## - MAIN ENTRY--PERSONAL NAME | |
| Personal name | Penner, Fred, |
| Relator term | author. |
| 9 (RLIN) | 86180 |
| 245 ## - TITLE STATEMENT | |
| Title | Here We Go Round the Mulberry Bush / |
| Statement of responsibility, etc | written by Fred Penner, Illustrated by Sophie Fatus. |
| 260 ## - PUBLICATION, DISTRIBUTION, ETC. (IMPRINT) | |
| Place of publication, distribution, etc | UK. ; |
| Name of publisher, distributor, etc | Barefoot Books; |
| Date of publication, distribution, etc | 2008. |
| 300 ## - PHYSICAL DESCRIPTION | |
| Extent | 24 pages. |
| Dimensions | 10 x 0.25 x 9.5 inches. |
| 490 ## - SERIES STATEMENT | |
| Series statement | Barefoot Books Singalongs |
| 520 ## - SUMMARY, ETC. | |
| Summary, etc | A colorful paperback and sing-along CD present ten verses of the popular song, with illustrations of children from different cultures as they go through their morning routine and get ready for school. Sung by Fred Penner. Reprint. |
| 942 ## - ADDED ENTRY ELEMENTS (KOHA) | |
| Source of classification or shelving scheme | |
| Koha item type | Book |
| Withdrawn status | Lost status | Source of classification or shelving scheme | Damaged status | Not for loan | Home library | Current library | Date acquired | Total Checkouts | Full call number | Barcode | Date last seen | Date checked out | Price effective from | Koha item type |
|---|---|---|---|---|---|---|---|---|---|---|---|---|---|---|
| Logos International School | Logos International School | 03/25/2025 | 1 | E PEN | 040572 | 08/14/2025 | 04/22/2025 | 03/25/2025 | Book |